[Event "FRA-ch op-B"]
[Site "Saint Quentin"]
[Date "2015.??.??"]
[Round "3"]
[White "Ruhant, Anthony"]
[Black "Ribiere, Damien"]
[Result "1-0"]
[WhiteElo "1947"]
[BlackElo "1781"]
[PlyCount "47"]
[EventDate "2015.08.09"]
[EventType "swiss"]
[EventRounds "11"]
[EventCountry "FRA"]
[SourceTitle "EXT 2016"]
[Source "ChessBase"]
[SourceDate "2015.10.08"]
[SourceVersion "1"]
[SourceVersionDate "2015.10.08"]
[SourceQuality "1"]

1. e4 e6 2. d4 d5 3. Nd2 Be7 4. Bd3 c5 5. c3 cxd4 6. cxd4 dxe4 7. Nxe4 Nf6 8. Ne2 0-0 9. Qc2 Nxe4 10. Bxe4 f5 11. Bf3 Bf6 12. 0-0 Qb6 13. Be3 f4 14. Bxf4 Bxd4 15. Nxd4 Qxd4 16. Be3 Qh4 17. Rad1 e5 18. Qb3+ Kh8 19. Bxb7 e4 20. Bxa8 Bg4 21. f3 exf3 22. Bxf3 Bxf3 23. Rxf3 Rc8 24. Qe6 1-0

[Event "FRA-ch op-B"]
[Site "Nancy"]
[Date "2013.08.18"]
[Round "6"]
[White "Ruhant, Anthony"]
[Black "Schmit, Vincent"]
[Result "1-0"]
[WhiteElo "1924"]
[BlackElo "1979"]
[PlyCount "121"]
[EventDate "2013.08.11"]
[EventType "swiss"]
[EventRounds "11"]
[EventCountry "FRA"]
[SourceTitle "CBM 156 Extra"]
[Source "ChessBase"]
[SourceDate "2013.10.22"]
[SourceVersion "1"]
[SourceVersionDate "2013.10.22"]
[SourceQuality "1"]

1. e4 e6 2. d4 d5 3. Nd2 Nf6 4. e5 Nfd7 5. c3 c5 6. Bd3 b6 7. f4 Ba6 8. Ndf3 Qc8 9. Ne2 Bxd3 10. Qxd3 Qa6 11. Qd1 g6 12. 0-0 Nc6 13. a3 Rc8 14. Bd2 Na5 15. Rc1 Be7 16. g4 h5 17. h3 hxg4 18. hxg4 Nc4 19. Rc2 Kd8 20. Kg2 Kc7 21. Bc1 Rh7 22. Rh1 Rch8 23. Rxh7 Rxh7 24. Neg1 Qc8 25. Qe1 Qh8 26. Qg3 Bh4 27. Nxh4 Rxh4 28. Nf3 Rh1 29. Nh2 Rd1 30. Qf3 Re1 31. Qf2 Re4 32. Nf3 f6 33. b3 Na5 34. Nd2 f5 35. Nxe4 dxe4 36. b4 Nc4 37. dxc5 bxc5 38. Ra2 Qd8 39. Be3 Ndb6 40. Bxc5 e3 41. Bxb6+ axb6 42. Qe2 Qd5+ 43. Kg3 g5 44. Qf3 gxf4+ 45. Qxf4 Nd2 46. Ra1 Ne4+ 47. Kh3 Nf2+ 48. Kg3 Ne4+ 49. Kh3 Nf2+ 50. Kh4 Qd8+ 51. Kg3 Ne4+ 52. Kf3 Qd2 53. gxf5 exf5 54. e6+ Kd8 55. Qxf5 Nxc3 56. Qg5+ Kc8 57. Qxe3 Qd5+ 58. Kg3 Ne4+ 59. Kf4 Qxe6 60. Qxe4 Qf6+ 61. Qf5+ 1-0

[Event "La Fere op 8th"]
[Site "La Fere"]
[Date "2009.07.05"]
[Round "2"]
[White "Ruhant, Anthony"]
[Black "Dagnicourt, Francis"]
[Result "1-0"]
[WhiteElo "1648"]
[BlackElo "1765"]
[PlyCount "81"]
[EventDate "2009.07.04"]
[EventType "swiss"]
[EventRounds "9"]
[EventCountry "FRA"]
[SourceTitle "CBM 131 Extra"]
[Source "ChessBase"]
[SourceDate "2009.09.03"]
[SourceVersion "2"]
[SourceVersionDate "2009.09.16"]
[SourceQuality "1"]

1. e4 d6 2. d4 Nf6 3. Nc3 g6 4. f4 Bg7 5. Nf3 0-0 6. Bd3 Bg4 7. Be3 c6 8. Qd2 Bxf3 9. gxf3 Qa5 10. 0-0 Nbd7 11. Qg2 Nh5 12. Kh1 c5 13. Ne2 cxd4 14. Nxd4 Bxd4 15. Bxd4 Nxf4 16. Qg4 Ne6 17. Be3 Ne5 18. Qh4 f6 19. f4 Nxd3 20. cxd3 Rac8 21. f5 g5 22. Rg1 Ng7 23. Qh6 Qe5 24. Rg2 Nxf5 25. exf5 Qxe3 26. h4 Qh3+ 27. Kg1 Qe3+ 28. Kh2 Qf4+ 29. Kh1 Qf3 30. hxg5 Rc2 31. Rag1 Rxg2 32. Rxg2 Qf1+ 33. Kh2 Qf4+ 34. Kg1 Qe3+ 35. Kh1 Qe1+ 36. Rg1 Qxg1+ 37. Kxg1 fxg5 38. Qxg5+ Kf7 39. Qe3 Rg8+ 40. Kh2 Rc8 41. Qe6+ 1-0